Finančné riadenie podniku v podmienkach Európskej únie záverečné hodnotenie internej grantovej úlohy č. 300014/05

Salvato in:
Dettagli Bibliografici
Autore principale: Neufeld, Juraj, 1946-
Ente Autore: Podnikovohospodárska fakulta EU so sídlom v Košiciach. Katedra účtovníctva a financií
Altri autori: Lacová, Ľudmila, Marušin, Ján, Czillingová, Jana, Polončák, Milan, Kostková, Albína, 1951-, Zoričáková, Viera, 1960-, Mačejová, Svetlana, Hečková, Jaroslava, Munka, Vladimír, 1951-, Jurga, Rastislav, Šrámeková, Božena, Gallová, Jana, Hvastová, Jozefína, 1969-, Škultéty, Jozef, Grochová, Marica, Labanič, Leonard
Natura: Libro
Lingua:slovacco
Pubblicazione: Košice 2007
Soggetti:
Tags: Aggiungi Tag
Nessun Tag, puoi essere il primo ad aggiungerne!!

MARC

LEADER 00000nam a2200000 4500
001 0160397
005 20240503085831.6
041 0 |a slo 
044 |a SK 
245 1 0 |a Finančné riadenie podniku v podmienkach Európskej únie  |b záverečné hodnotenie internej grantovej úlohy č. 300014/05  |c Vedúci projektu Juraj Neufeld 
264 1 |a Košice  |c 2007 
300 |a [20] s. 
610 2 0 |a riadenie finančné 
610 2 0 |a riadenie podnikové 
610 2 0 |a Európska únia 
100 1 |a Neufeld, Juraj, 1946- 
700 1 |a Lacová, Ľudmila 
700 1 |a Marušin, Ján 
700 1 |a Czillingová, Jana 
700 1 |a Polončák, Milan 
700 1 |a Kostková, Albína, 1951- 
700 1 |a Zoričáková, Viera, 1960- 
700 1 |a Mačejová, Svetlana 
700 1 |a Hečková, Jaroslava 
700 1 |a Munka, Vladimír, 1951- 
700 1 |a Jurga, Rastislav 
700 1 |a Šrámeková, Božena 
700 1 |a Gallová, Jana 
700 1 |a Hvastová, Jozefína, 1969- 
700 1 |a Škultéty, Jozef 
700 1 |a Grochová, Marica 
700 1 |a Labanič, Leonard 
710 2 |a Podnikovohospodárska fakulta EU so sídlom v Košiciach. Katedra účtovníctva a financií